<?xml version="1.0" encoding="UTF-8"?>
<collection xmlns="http://www.loc.gov/MARC21/slim">
 <record>
  <leader>05150nam a2200433 a 4500</leader>
  <controlfield tag="001">kal5250</controlfield>
  <controlfield tag="003">Gr-AtHEAL</controlfield>
  <controlfield tag="005">20160422093619.0</controlfield>
  <controlfield tag="006">m        d        </controlfield>
  <controlfield tag="008">160413s2015    gr      s           gre|c</controlfield>
  <datafield tag="020" ind1=" " ind2=" ">
   <subfield code="a">9789606034749</subfield>
  </datafield>
  <datafield tag="040" ind1=" " ind2=" ">
   <subfield code="a">GR-AtHEAL</subfield>
   <subfield code="b">gre</subfield>
   <subfield code="c">GR-AtHEAL</subfield>
  </datafield>
  <datafield tag="082" ind1="0" ind2="4">
   <subfield code="a">634.9</subfield>
   <subfield code="2">23</subfield>
  </datafield>
  <datafield tag="100" ind1="1" ind2=" ">
   <subfield code="a">Κιτικίδου, Κυριακή.</subfield>
   <subfield code="8">1419</subfield>
  </datafield>
  <datafield tag="245" ind1="1" ind2="0">
   <subfield code="a">Δασική Βιομετρία</subfield>
   <subfield code="h">[Ηλεκτρονικός πόρος] </subfield>
   <subfield code="c">Κιτικίδου, Κυριακή ; Κριτικός αναγνώστης,Καραμανώλης, Δημήτριος ; Γλωσσική επιμέλεια,Μωυσιάδου, Σταυρούλα.</subfield>
  </datafield>
  <datafield tag="260" ind1=" " ind2=" ">
   <subfield code="a">Αθήνα :</subfield>
   <subfield code="b">Σύνδεσμος Ελληνικών Ακαδημαϊκών Βιβλιοθηκών,</subfield>
   <subfield code="c">c2015.</subfield>
  </datafield>
  <datafield tag="490" ind1=" " ind2=" ">
   <subfield code="a">Ακαδημαϊκά Ηλεκτρονικά Συγγράμματα και Βοηθήματα Κάλλιπος</subfield>
   <subfield code="8">40</subfield>
  </datafield>
  <datafield tag="505" ind1=" " ind2=" ">
   <subfield code="a">1. Δασική βιομετρία: Εισαγωγή 2. Στατιστικές προϋποθέσεις 3. Όργανα 4. Μετρήσεις μεμονωμένων δέντρων 5. Μέτρηση δασοσυστάδων 6. Πίνακες κωνικότητας και μοντέλα 7. Μαζοπίνακες δέντρων και μοντέλα 8. Βιομάζα δέντρου και δασοσυστάδας 9. Αύξηση και παραγωγή 10. Δειγματοληψία για δασικές απογραφές 11. Τηλεπισκόπηση στη δασική μέτρηση</subfield>
  </datafield>
  <datafield tag="520" ind1=" " ind2=" ">
   <subfield code="a">Πρόκειται για ΜΕΤΑΦΡΑΣΗ του εξής βιβλίου:Τίτλος: Forest MensurationΣυγγραφείς: Anthonie van Laar, Alparslan AkçaISBN: 978-1-4020-5990-2 (Print) 978-1-4020-5991-9 (Online)Εκδότης &amp; Κάτοχος πνευματικών δικαιωμάτων: Springer Netherlandshttp://link.springer.com/book/10.1007%2F978-1-4020-5991-9Η Δασική Βιομετρία αποτελεί έναν από τους πιο ουσιώδεις πανεπιστημιακούς κλάδους, ανάμεσα στις δασικές και άλλες σχετικές επιστήμες. Ασχολείται με την καταμέτρηση των δέντρων και των δασοσυστάδων και με την ανάλυση των επακόλουθων πληροφοριών.Αυτό το βιβλίο έχει γραφτεί για σπουδαστές και φοιτητές δασολογίας και για δασολόγους της πράξης. Λόγω της αξιοσημείωτης επίδρασης της στατιστικής στις μεθόδους και τεχνικές καταμέτρησης των δασών, και λόγω του καίριου ρόλου των τεχνικών δειγματοληψίας, επανεξετάζει και αξιολογεί βασικές στατιστικές έννοιες. Την ίδια στιγμή, θεωρήθηκε επιτακτική ανάγκη η εξέταση της χωρικής δομής και ποικιλότητας και η πρόσθεση ενός κεφαλαίου σχετικά με τη συμβατική και ψηφιακή τηλεπισκόπηση. Πολυάριθμα πρακτικά παραδείγματα συμπεριλαμβάνονται σε αυτή την έκδοση, τα οποία θεωρούνται ιδιαίτερα χρήσιμα για τους σπουδαστές και φοιτητές. Επιπρόσθετες πληροφορίες σχετικά με συγκεκριμένα θέματα έχουν προστεθεί προς όφελος των εξειδικευμένων αναγνωστών.</subfield>
  </datafield>
  <datafield tag="650" ind1=" " ind2="0">
   <subfield code="a">Forests and forestry</subfield>
   <subfield code="x">Measurement. </subfield>
   <subfield code="8">2211</subfield>
  </datafield>
  <datafield tag="653" ind1=" " ind2=" ">
   <subfield code="a">Δασικές απογραφές</subfield>
  </datafield>
  <datafield tag="653" ind1=" " ind2=" ">
   <subfield code="a">Δασικές καταμετρήσεις</subfield>
  </datafield>
  <datafield tag="653" ind1=" " ind2=" ">
   <subfield code="a">Δασοπονία</subfield>
  </datafield>
  <datafield tag="653" ind1=" " ind2=" ">
   <subfield code="a">Στατιστική</subfield>
  </datafield>
  <datafield tag="653" ind1=" " ind2=" ">
   <subfield code="a">Βιομαθηματικά</subfield>
  </datafield>
  <datafield tag="653" ind1=" " ind2=" ">
   <subfield code="a">Βιοστατιστική</subfield>
  </datafield>
  <datafield tag="653" ind1=" " ind2=" ">
   <subfield code="a">Βιομετρική</subfield>
  </datafield>
  <datafield tag="653" ind1=" " ind2=" ">
   <subfield code="a">Βιομετρία</subfield>
  </datafield>
  <datafield tag="653" ind1=" " ind2=" ">
   <subfield code="a">Γεωπονικές επιστήμες</subfield>
   <subfield code="a">Δασική επιστήμη και δασικά προϊόντα</subfield>
   <subfield code="a">Δασοπονία</subfield>
  </datafield>
  <datafield tag="653" ind1=" " ind2=" ">
   <subfield code="a">Επιστήμες της ζωής</subfield>
   <subfield code="a">Βιομαθηματικά</subfield>
   <subfield code="a">Βιοστατιστική</subfield>
  </datafield>
  <datafield tag="653" ind1=" " ind2=" ">
   <subfield code="a">Επιστήμες της ζωής</subfield>
   <subfield code="a">Βιομαθηματικά</subfield>
  </datafield>
  <datafield tag="653" ind1=" " ind2=" ">
   <subfield code="a">Μαθηματικά</subfield>
   <subfield code="a">Στατιστική</subfield>
  </datafield>
  <datafield tag="653" ind1=" " ind2=" ">
   <subfield code="a">Επιστήμες της ζωής</subfield>
   <subfield code="a">Βιομαθηματικά</subfield>
   <subfield code="a">Βιομετρική</subfield>
  </datafield>
  <datafield tag="700" ind1="1" ind2=" ">
   <subfield code="a">Καραμανώλης, Δημήτριος</subfield>
   <subfield code="e">Κριτικός αναγνώστης</subfield>
   <subfield code="8">1420</subfield>
  </datafield>
  <datafield tag="856" ind1="4" ind2="0">
   <subfield code="u">http://hdl.handle.net/11419/5250</subfield>
   <subfield code="z">Πλήρες Κείμενο - Full text</subfield>
  </datafield>
  <datafield tag="907" ind1=" " ind2=" ">
   <subfield code="a">.b25681436</subfield>
   <subfield code="b">12-06-18</subfield>
   <subfield code="c">29-07-16</subfield>
  </datafield>
  <datafield tag="949" ind1=" " ind2=" ">
   <subfield code="0">0</subfield>
   <subfield code="1">0</subfield>
   <subfield code="2">ddc</subfield>
   <subfield code="4">0</subfield>
   <subfield code="6">634_900000000000000_ΚΙΤ</subfield>
   <subfield code="7">0</subfield>
   <subfield code="8">KALL</subfield>
   <subfield code="8">902</subfield>
   <subfield code="d">2016-04-13</subfield>
   <subfield code="r">2016-04-13</subfield>
   <subfield code="w">2016-04-13</subfield>
   <subfield code="z">634.9 ΚΙΤ</subfield>
   <subfield code="o">SEAB KALLIPOS</subfield>
  </datafield>
  <datafield tag="998" ind1=" " ind2=" ">
   <subfield code="a">80</subfield>
   <subfield code="a">01</subfield>
   <subfield code="a">02</subfield>
   <subfield code="a">03</subfield>
   <subfield code="a">04</subfield>
   <subfield code="a">05</subfield>
   <subfield code="a">06</subfield>
   <subfield code="a">07</subfield>
   <subfield code="a">08</subfield>
   <subfield code="a">09</subfield>
   <subfield code="a">10</subfield>
   <subfield code="a">11</subfield>
   <subfield code="a">12</subfield>
   <subfield code="a">13</subfield>
   <subfield code="a">14</subfield>
   <subfield code="a">15</subfield>
   <subfield code="a">16</subfield>
   <subfield code="a">17</subfield>
   <subfield code="a">18</subfield>
   <subfield code="a">19</subfield>
   <subfield code="a">20</subfield>
   <subfield code="a">21</subfield>
   <subfield code="a">22</subfield>
   <subfield code="a">23</subfield>
   <subfield code="a">24</subfield>
   <subfield code="a">25</subfield>
   <subfield code="a">26</subfield>
   <subfield code="b">29-05-17</subfield>
   <subfield code="c">m</subfield>
   <subfield code="d">z  </subfield>
   <subfield code="e">-</subfield>
   <subfield code="f">gre</subfield>
   <subfield code="g">gr </subfield>
   <subfield code="h">0</subfield>
  </datafield>
  <datafield tag="942" ind1=" " ind2=" ">
   <subfield code="2">ddc</subfield>
   <subfield code="c">KALLIPOS</subfield>
  </datafield>
 </record>
</collection>
